| 000 | 00703na a2200265 4500 | ||
|---|---|---|---|
| 001 | 19997 | ||
| 003 | MIRAKIL | ||
| 005 | 20181213154739.0 | ||
| 008 | 161229b tu 000 0 | ||
| 020 | _a975656511X | ||
| 040 |
_aMilas _btur _cTR-AnCHP |
||
| 041 | _atur | ||
| 082 |
_a338.881 _bG42 2001 |
||
| 090 | _a338.881 G42 2001 | ||
| 100 | _aGiddens, Anthony | ||
| 245 |
_aÜçüncü yol ve eleştirileri _cAnthony Giddens ; çeviren Nihat Şad |
||
| 260 |
_aAnkara _bPhonix Yayınevi _c2001 |
||
| 300 |
_a173 s. _c20 sm. |
||
| 500 | _aKaynakça var. | ||
| 650 | _aSosyal demokrasi | ||
| 650 | _aDevlet ve ekonomi | ||
| 650 | _aKüreselleşme | ||
| 700 | _aŞad, Nihat | ||
| 942 |
_2ddc _cBKS |
||
| 999 |
_c233 _d233 |
||